Original letters and papers : between Adm-------l M--------ws, and V. Adm-----l L-----k. With several letters from private hands. ... Also, some observations on the conduct of the Brest Fleet, &c.

Bibliographic Details
Main Authors: Mathews, Thomas, 1676-1751, Lestock, Richard, 1679?-1746 (Author)
Format: eBook
Language:English
Series:Eighteenth century collections online.
Online Access:Full text online

MARC

Tag First Indicator Second Indicator Subfields
LEADER 00000cam a2200000 4500
001 in00001879921
006 m | d |
007 cr |n||||||||n
008 840808s1744 ie |||| s 00||||eng d
005 20260403173556.6
035 |a (CStRLIN)ESTCN11036 
040 |a Cu-RivES  |c Cu-RivES  |d CStRLIN  |d Thomson Gale  |d UtOrBLW 
100 1 |a Mathews, Thomas,  |d 1676-1751. 
245 1 0 |a Original letters and papers :  |b between Adm-------l M--------ws, and V. Adm-----l L-----k. With several letters from private hands. ... Also, some observations on the conduct of the Brest Fleet, &c. 
264 3 |a Dublin :  |b printed by Margt. Rhames, for Joseph Rhames,  |c 1744. 
300 |a 86p. ;  |c 12⁰. 
336 |a text  |b txt  |2 rdacontent 
337 |a computer  |b c  |2 rdamedia 
338 |a online resource  |b cr  |2 rdacarrier 
500 |a Adm-------l M--------ws = Admiral Mathews; V. Adm-----l L-----k = Vice-Admiral Lestock. 
500 |a Reproduction of original from the Huntington Library. 
510 4 |a English Short Title Catalog,  |c ESTCN11036. 
533 |a Electronic reproduction.  |b Farmington Hills, Mich. :  |c Thomson Gale,  |d 2003.  |n Available via the World Wide Web.  |n Access limited by licensing agreements  |7 s2003 miunns 
500 |a Electronic resource. 
700 1 |a Lestock, Richard,  |d 1679?-1746,  |e author. 
830 0 |a Eighteenth century collections online. 
856 4 0 |u http://proxy.library.tamu.edu/login?url=https://galenet.galegroup.com/servlet/ECCO?c=1&stp=Author&ste=11&af=BN&ae=N011036&tiPG=1&dd=0&dc=flc&docNum=CW107674160&vrsn=1.0&srchtp=a&d4=0.33&n=10&SU=0LRL+OR+0LRI&locID=txshracd2898  |z Full text online  |t 0 
999 |a MARS 
999 f f |s b1190c58-b5ba-3e1e-80a2-bf826af6708a  |i bf49c858-8899-3800-818f-aeb5ef106fa6  |t 0 
952 f f |a Texas A&M University  |b College Station  |c Electronic Resources  |s www_evans  |d Available Online  |t 0  |h No information provided 
998 f f |t 0  |l Available Online